000
00221 a2200097 4500
001
57589
100
_a
245
_a
Islam in various perspectives
260
_a
Lahore
_b
Minhaj ul Quran
_c
090
_c
35324
_d
35324
942
_a
NUST-CAE
_c
MONOGRAPH
_c
28141
999
_c
292662
_d
292662